|
|
|
|
| LEADER |
00728nam a2200253Ia 4500 |
| 008 |
240830s9999 xx 000 0 und d |
| 020 |
|
|
|a 84-481-3290-4
|
| 040 |
|
|
|a B-ESTELÍ- RUACS / 531 M843
|
| 041 |
|
|
|a spa
|
| 082 |
|
|
|a 531 M843
|
| 100 |
1 |
|
|a Joyanes Aguilar, Luis
|
| 100 |
1 |
|
|b Zahonero Martínez, Ignacio
|
| 245 |
1 |
0 |
|a Experimentos de Mecánica
|
| 260 |
|
|
|a España
|b México
|c 2002
|
| 300 |
|
|
|a 725 p. :il
|
| 650 |
7 |
|
|a PROGRAMACION - JAVA 2
|
| 650 |
7 |
|
|b ALGORITMOS
|
| 650 |
7 |
|
|c LENGUAJE DE PROGRAMACION - JAVA - APLICACIONES
|
| 650 |
7 |
|
|d PROGRAMACION ORIENTADA A OBJETOS
|
| 650 |
7 |
|
|e ESTRUCTURAS DE CONTROL
|
| 650 |
7 |
|
|f PROBLEMAS Y EJERCICIOS JAVA.
|
| 942 |
|
|
|c BK
|2 ddc
|
| 991 |
|
|
|a TEXTO
|
| 999 |
|
|
|c 11025
|